Kisah dongeng teladan : dwibahasa

Bibliographic Details
Main Author: Amidjaja, Arleen
Format: Book
Published: KL : Edukid Pub. Sdn. Bhd , 2015
Subjects:

MARC

LEADER 00000cam a2200000 7i4500
001 0000056222
005 20151222.0
008 151207
020 |a 9789673642960 
090 0 0 |a JF   |b MOR MAL 
100 1 |a Amidjaja, Arleen 
245 1 0 |a Kisah dongeng teladan :   |b dwibahasa   |c Arleen Amidjaja 
260 |a KL :   |b Edukid Pub. Sdn. Bhd ,   |c 2015 
300 |a 103pg. ;   |c 23cm. 
500 |a Children ages 7-9 years old (orange) 
650 0 |a Folk literature, English 
650 0 |a Folk literature, Malay 
999 |a 0001371126   |b Book   |c Children Collection   |e Cawangan Batu Pahat 
999 |a 0001371160   |b Book   |c Children Collection   |e Cawangan Kota Tinggi 
999 |a 0001371161   |b Book   |c Children Collection   |e Cawangan Mersing 
999 |a 0001371163   |b Book   |c Children Collection   |e Cawangan Tmn. Ungku Tun Aminah 
999 |a 0001371164   |b Book   |c Children Collection   |e Cawangan Taman Universiti 
999 |a 0001371165   |b Book   |c Children Collection   |e Cawangan Sri Merlong 
999 |a 0001371166   |b Book   |c Children Collection   |e Cawangan Taman Sri Lambak 
999 |a 0001371167   |b Book   |c Teenagers   |e Cawangan Bandar Tenggara 
999 |a 0001371168   |b Book   |c Children Collection   |e Cawangan Bandar Penawar 
999 |a 0001371169   |b Book   |c Children Collection   |e Cawangan Pontian 
999 |a 0001371170   |b Book   |c Children Collection   |e Cawangan Tangkak 
999 |a 0001371171   |b Book   |c Children Collection   |e Cawangan Batu Pahat 
999 |a 0001371172   |b Book   |c Children Collection   |e Cawangan Segamat 
999 |a 0001371173   |b Book   |c Children Collection   |e Cawangan Bukit Gambir 
999 |a 0001375029   |b Book   |c Children Collection   |e Perbadanan Perpustakaan Awam Johor 
999 |a 0001375030   |b Book   |c Children Collection   |e Perbadanan Perpustakaan Awam Johor 
999 |a 0001375031   |b Book   |c Children Collection   |e Perbadanan Perpustakaan Awam Johor 
999 |a 0001375032   |b Book   |c Children Collection   |e Cawangan Urban Transformation Centre 
999 |a 0001375034   |b Book   |c Children Collection   |e Cawangan Urban Transformation Centre